|
|
|
|
| LEADER |
01852nam a2200301 a 4500 |
| 001 |
00025307 |
| 008 |
120425s2009 bg 000 1 ben |
| 999 |
|
|
|c 12356
|d 12356
|
| 020 |
|
|
|a 9844150329
|
| 020 |
|
|
|a 9789848815595
|
| 040 |
|
|
|a DB-DhAAL
|c DB-DhAAL
|
| 041 |
0 |
|
|a ben
|
| 082 |
0 |
0 |
|a 891.44371
|2 22
|
| 100 |
1 |
|
|a বন্দ্যোপাধ্যায়, বিভূতিভূষণ
|9 31311
|
| 245 |
1 |
0 |
|a অপরাজিত /
|c বিভূতিভূষণ বন্দ্যোপাধ্যায়
|
| 246 |
|
|
|a Aparajita
|
| 260 |
|
|
|a ঢাকা :
|b অবসর ;
|b দি ইউনিভার্সিটি প্রেস লিমিটেড,
|c ২০০৯, ২০১২ [অষ্টম মুদ্রণ ২০১৮]
|
| 300 |
|
|
|a ২৪৫ পৃৃষ্ঠা,
|a ৩২৬ পৃৃষ্ঠা ;
|c ২২ সে.মি.
|
| 490 |
|
|
|a ইউপিএল বাংলা চিরায়ত গ্রন্থমালা.
|
| 500 |
|
|
|a Novel.
|
| 541 |
|
|
|a Development Book Agency
|e 25307, 32981, 35027
|
| 651 |
|
0 |
|a Bangladesh
|x Fiction.
|9 31312
|
| 830 |
|
|
|a ইউপিএল বাংলা চিরায়ত গ্রন্থমালা.
|9 33314
|
| 852 |
1 |
|
|a Ayesha Abed Library
|c General Shelf.
|
| 942 |
|
|
|2 ddc
|c BK
|
| 952 |
|
|
|0 0
|1 0
|2 ddc
|4 0
|6 891_443710000000000_BAN
|7 0
|9 20434
|a BDI
|b BDI
|d 2012-06-05
|l 0
|o 891.44371 BAN
|p 3050025307
|r 2012-06-05
|t 1
|w 2012-06-05
|y BK
|
| 952 |
|
|
|0 0
|1 0
|2 ddc
|4 0
|6 891_443710000000000_BAN
|7 0
|9 63145
|a BRACUL
|b BRACUL
|c GEN
|d 2018-04-11
|e The University Press Limited
|g 412.00
|l 21
|m 165
|o 891.44371 BAN
|p 3010032981
|q 2026-06-02
|r 2026-05-18
|s 2026-05-18
|t 2
|v 550.00
|w 2018-04-11
|y BK
|
| 952 |
|
|
|0 0
|1 0
|2 ddc
|4 0
|6 891_443710000000000_BAN
|7 0
|9 65878
|a BRACUL
|b BRACUL
|c GEN
|d 2019-07-24
|e Development Book Agency
|g 176.00
|l 26
|m 87
|o 891.44371 BAN
|p 3010035027
|r 2026-04-21
|s 2026-04-05
|t 3
|v 176.00
|w 2019-07-24
|y BK
|